|
|
|
|
| LEADER |
00000nas a22000007a 4500 |
| 005 |
20130308140921.0 |
| 007 |
cr|||| |||| |
| 008 |
130308c20019999sp fr|pss|||| 0|||b1spa d |
| 022 |
|
|
|a 15787168
|
| 035 |
|
|
|a 7148
|
| 040 |
|
|
|a vLex
|
| 090 |
|
|
|c 3879
|d 3879
|
| 245 |
0 |
0 |
|a Ager
|h [Recurso electrn̤ico]
|
| 256 |
|
|
|a Servicio en ln̕ea
|
| 260 |
|
|
|a Zaragoza :
|b Rolde de Estudios Aragoneses,
|c 2001-
|
| 300 |
|
|
|a 1 Recurso electrn̤ico
|
| 506 |
|
|
|d vLex Global
|d vLex Global (Academic Edition, excluding Law Schools)
|d vLex Global (U.S. Academic Edition, Law Schools)
|d vLex Global (U.S. Academic Edition, excluding Law Schools)
|d vLex Global (Academic Edition, Law Schools)
|
| 650 |
0 |
4 |
|a Economa̕
|v Revistas
|z Aragn̤
|
| 650 |
0 |
4 |
|a Sociologa̕
|v Revistas
|z Aragn̤
|
| 650 |
0 |
4 |
|a Demografa̕
|v Revistas
|z Aragn̤
|
| 740 |
|
|
|a vLex Revistas (Servicio en ln̕ea)
|
| 856 |
|
|
|a Acceso restringido
|u http://www.vlex.com/source/7148
|
| 942 |
|
|
|c REV
|
| 999 |
|
0 |
|a Economics
|